Psicología normal de la vejez

Saved in:
Bibliografiske detaljer
Main Authors: Zinberg, N. E (Author), Kaufman, I (Author)
Format: Bog
Sprog:spansk
Udgivet: Buenos Aires Paidos 1976
Serier:Biblioteca del Hombre Contemporáneo, 338
Fag:
Tags: Tilføj Tag
Ingen Tags, Vær først til at tagge denne postø!

MARC

LEADER 00000nam a2200000 a 4500
001 UCU4512
003 CL-VaPUC
008 960524e19760000AG |||||||||||||||||spa|d
082 0 4 |a 155.67  |b ZIN  |2 21 
100 0 |a Zinberg, N. E  |e author  |9 362102 
700 0 |a Kaufman, I  |e author  |9 362103 
245 1 0 |a Psicología normal de la vejez 
300 |a 206 p 
942 |c BK 
945 |d 19960524 00:00:00  |a rleighto 
260 |a Buenos Aires  |b Paidos  |c 1976 
650 7 |a ENVEJECIMIENTO  |2 CL-VaPUC  |9 362104 
650 7 |a PSICOLOGIA GERIATRICA  |2 CL-VaPUC  |9 334631 
650 0 |a Vejez   |9 307287 
650 0 |a Ancianos   |9 307293 
650 0 |a Terapia  |9 334442 
650 7 |a PSICOLOGIA AFECTIVA  |2 CL-VaPUC  |9 362106 
583 |a last modification  |c 19960524 00:00:00  |k Rodrigo Vera 
490 0 |a Biblioteca del Hombre Contemporáneo, 338 
999 |c 248205  |d 248203 
952 |0 0  |1 0  |4 0  |6 155_670000000000000_ZIN_1976  |7 0  |8 P  |9 264663  |a BIBEDU  |b BIBEDU  |d 2019-11-19  |i 3203131  |o 155.67 ZIN 1976  |p 3203131  |r 2024-01-25  |w 2019-11-19  |y BK  |k PSI